000 00672cab a2200265 4500
001 X1425
008 090401t1994 xxu||||| |||| 00| 0 eng d
035 _a(Sirsi) u17027
041 _aeng
245 _aD-Day exhibitions are planned
260 _c1994
350 _a0
490 _aCSM (Chartered Surveyor Monthly)
_v3(7) April 1994, 11(1)
650 _aD-DAY
650 _aEXHIBITIONS
650 _aFRANKLIN AND ANDREWS
650 _aICE
650 _aINSTITUTION OF CIVIL ENGINEERS
650 _aMULBERRY HARBOURS
650 _aROYAL ENGINEERS
690 _aBUILT ENVIRONMENT
690 _aPROFESSIONAL PRACTICE
942 _n0
948 _c04/03/1997
999 _c11280
_d11280